000 00425nam a22001697a 4500
003 OSt
005 20260606114331.0
008 260606b |||||||| |||| 00| 0 eng d
020 _a9789368081104
082 _a004 SOA
100 _aSONI,Manish
245 _aACE the Interview Q and A Data Science
250 _a1st Ed
260 _aMumbai
_bShroff Publishers and Distributors
_c2025
300 _a215p.
942 _2ddc
_cREF
999 _c14006
_d14006